Complete the Broadway Musical... With a Picture Quiz Stats

 Plays Quiz Updated Jun 9, 2019

Score 0/20 Timer 05:00
1 Play Today
% Correct
HairSPRAY
95.5%
The Sound of MUSIC
95.2%
Fiddler on the ROOF
94.4%
Guys and DOLLS
94.4%
The BOOK of Mormon
94.2%
Mamma MIA!
93.1%
The 25th Annual Putnam
County Spelling BEE
92.2%
The PHANTOM of
the Opera
91.3%
Monty Python's SPAMalot
88.9%
My Fair LADY
88.4%
% Correct
South PACIFIC
87.6%
SUNSET Boulevard
86.1%
JOSEPH and the Amazing
Technicolor Dreamcoat
84.3%
Damn YANKEES
80.5%
La CAGE aux Folles
78.6%
Once Upon a MATTRESS
78%
Five Guys Named MOE
77.9%
JERSEY Boys
75.7%
Miss SAIGON
70.6%
Avenue Q
66.7%

You're not logged in!

Compare scores with friends on all Sporcle quizzes.
OR
Log In

Sporcle TV

Today on Sporcle TV


Watch our educational content, quiz creation guides, and fun videos on Sporcle TV.

Show Comments

Extras

Top Quizzes Today


Score Distribution

Your Account Isn't Verified!

In order to create a playlist on Sporcle, you need to verify the email address you used during registration. Go to your Sporcle Settings to finish the process.

Report this User

Report this user for behavior that violates our Community Guidelines.

Details: